Nuestra Señora de los Remedios /

El presente estudio tiene por objeto el desarrollo histórico de la veneración a Nuestra Señora de los Remedios. Se inicia con el análisis del nombre, de los Remedios, hasta llegar al culto que se le rinde a la Virgen.

Salvato in:
Dettagli Bibliografici
Autore principale: Flores Solís, Miguel (autor)
Natura: Libro
Lingua:spagnolo
Pubblicazione: México : Jus, 1972, c1972
Serie:(México Heroico ; 114)
Soggetti:
Tags: Aggiungi Tag
Nessun Tag, puoi essere il primo ad aggiungerne!!

MARC

LEADER 00000nam^a2200000^a^4500
001 000111716
005 20250521000000.0
009 20260310093841.097
037 |a Acervo ITESO - Biblioteca 
041 |a ESP 
082 |a 232. 917  |b FLO 
100 |a Flores Solís, Miguel  |e (autor) 
245 1 0 |a Nuestra Señora de los Remedios /  |c M. Flores Solís. 
264 4 |a México :  |b Jus,  |c 1972, c1972 
300 |a 90 p. 
336 |a texto  |b txt  |2 rdacontenido 
337 |a sin mediación  |b n  |2 rdamedio 
338 |a volumen  |b nc  |2 rdasoporte 
440 1 |a (México Heroico ;  |v 114) 
520 |a El presente estudio tiene por objeto el desarrollo histórico de la veneración a Nuestra Señora de los Remedios. Se inicia con el análisis del nombre, de los Remedios, hasta llegar al culto que se le rinde a la Virgen. 
649 |a XX 
650 |a Virgen de los Remedios -  |x Apariciones y Milagros -  |x Historia 
650 |a Virgen de los Remedios -  |z México -  |x Culto -  |x Historia 
650 |a Virgen de los Remedios -  |x Culto -  |x Historia 
650 |a Virgen María -  |x Apariciones y Milagros -  |x Historia 
650 |a Virgen María -  |x Culto -  |x Historia 
650 |a Culto Religioso -  |z México -  |x Historia 
650 |a Iglesia Católica en México -  |x Historia 
650 |a Catolicismo -  |x Historia 
650 |a Cristianismo -  |x Historia 
650 |a Religión -  |x Historia 
650 |a México -  |x Historia -  |y Epoca Colonial, 1517-1821 
910 |a Fondo Salvador Reynoso Reynoso 
920 |a Impresos - Libros 
930 |a Fondos Especiales 
905 |a 112 
901 |a 0800000940  |b IT2  |c ESP  |u 20250521 
902 |a https://opac.biblio.iteso.mx/vufind/Record/000111716